000 00419nam a2200181Ia 4500
005 20240823044526.0
008 240823s9999||||xx |||||||||||||| ||und||
041 _aTAMIL
082 _A624.1833 P5
100 _aVivekananda Kendram
245 0 _aFeroo ciment tholilnudpam
250 _a1st
260 _c2005
_bVivekananda Ke
500 _aDISPLAY
650 _aGeneral
_bGeneral
942 _cBK
999 _c212800
_d212800